00741nam a2200181 a 450000500170000000800410001702000180005805000130007624500240008926000540011330000230016744000110019052001850020165000210038665000210040799900190042895201120044720140412111321.0010402s19uu xx 00 eng d a0-7214-4276-5 aERbLi72 aThe little mermaid. aLeicestershire, UK :bLadybird Books Ltd,c[n.d.] a1 v. (unp.) ; ill. aDisney aWhen King Triton, ruler of the seas tries to stop his daughter Ariel marrying a human prince, she asks the wicked Sea-Witch Ursula to help her. But Ursula has plans of her own. . . aMermaids-stories aMermaids-Fiction c104375d104375 00104050aELbELcERd2001-04-02eDonationg45.00l0oER Li72pE7547r2014-04-12 00:00:00w2014-04-12yBK